01716 2200433 4500001002100000005001500021035002000036007000300056008004100059020002200100082001500122084001700137100002900154245028000183250003400463300005100497650002300548700005000571700003800621700003300659700003800692700004100730700004200771700004800813700004200861700005200903700003100955264002900986336002101015337003001036338002301066040002201089090002201111850001201133999002201145500007301167990002201240990002001262INLIS00000000087883620230529112918 a0010-0523000713ta230529s2021 yoia g ind d a978-623-316-766-604223a379.19 a379.19 RAT s0 aRatri PratiwiePengarang10aSinergi masyarakat menuju desa wisata /cRatri Pratiwi, Adellya Putri Nur Wijayanti, Retni Retnasari, Ayu Safira, Lidya Rahmawati, Titis Ramanda Jaya, Imam Tantowi Berhed, Hendra Rainaldo Manurung, Chikita S. Mentemas, Septiana Novalina Tinambunan; penyunting, Luky Kurniawan aCetakan pertama: Agustus 2021 avi, 84 halaman :bgambar, tabel, foto ;c21 cm 4aKuliah Kerja Nyata0 aAdellya Putri Nur Wijayantid1999-ePengarang0 aRetni Retnasarid1999-ePengarang0 aAyu Safirad2000-ePengarang0 aLidya Rahmawatid2000-ePengarang0 aTitis Ramanda Jayad2000-ePengarang0 aImam Tantowi Berhedd1998-ePengarang3 aManurung, Hendra Rainaldod2000-ePengarang0 aChikita S. Mentemasd1999-ePengarang3 aTinambunan, Septiana Novalinad2000-ePengarang0 aLuky KurniawanePenyunting31aBantul :bK-Media,c2021 2rdacontentateks 2rdamediaatanpa perantara 2rdacarrieravolume aYOPDYOGbindcrda aCB-D.11 2021-4080 aYOPDYOG aCB-D.11/2021-4080 aditerbitkan atas kerjasama dengan Universitas Mercu Buana Yogyakarta aCB-D.11/2021-4080 a74046-PD/A.2026